L'ontologie de Nietzsche / (Record no. 35677)

MARC details
000 -LEADER
campo de control de longitud fija 00704nam a2200217 i 4500
001 - NÚMERO DE CONTROL
campo de control 35677
003 - IDENTIFICADOR DE NÚMERO DE CONTROL
campo de control ES-MaACL
005 - FECHA Y HORA DE LA ÚLTIMA TRANSACCIÓN
campo de control 20230906155202.0
007 - CAMPO FIJO DE DESCRIPCIÓN FÍSICA--INFORMACIÓN GENERAL
campo de control de longitud fija t|
008 - DATOS DE LONGITUD FIJA--INFORMACIÓN GENERAL
campo de control de longitud fija 030213s1971 fr ||||1| fre d
100 1# - ENTRADA PRINCIPAL--NOMBRE DE PERSONA
Nombre de persona Boudot, Pierre.
9 (RLIN) 30861
245 12 - MENCIÓN DEL TÍTULO
Título L'ontologie de Nietzsche /
Mención de responsabilidad, etc. par Pierre Boudot.
250 ## - MENCION DE EDICION
Mención de edición 1e éd.
260 ## - PUBLICACIÓN, DISTRIBUCIÓN, ETC.
Lugar de publicación, distribución, etc. París :
Nombre del editor, distribuidor, etc. Presses Universitaires de France,
Fecha de publicación, distribución, etc. 1971.
300 ## - DESCRIPCIÓN FÍSICA
Extensión 127 p. ;
Dimensiones 18 cm.
490 1# - MENCIÓN DE SERIE
Mención de serie SUP. Initiation philosophique ;
Designación de volumen o secuencia 95
600 14 - PUNTO DE ACCESO ADICIONAL DE MATERIA--NOMBRE DE PERSONA
Nombre de persona Nietzsche, Friedrich,
Fechas asociadas al nombre 1844-1900-
Subdivisión general Crítica e interpretación
9 (RLIN) 85721
830 0# - PUNTO DE ACCESO ADICIONAL DE SERIE-TÍTULO UNIFORME
Título uniforme SUP. Initiation philosophique ;
Designación de volumen o secuencia 95
9 (RLIN) 182090
852 4# - LOCALIZACIÓN
Ubicación ES-MaACL
Número de control de estantería L-11724
Sublocalización o colección R.113238
Holdings
Estatus retirado Estado de pérdida Estado de daño No para préstamo Biblioteca de origen Biblioteca actual Ubicación en estantería Fecha de adquisición Fuente de adquisición Total de préstamos Signatura topográfica completa Código de barras Visto por última vez Precio de reemplazo Tipo de ítem Koha
        Biblioteca del Ateneo de Madrid Biblioteca del Ateneo de Madrid Depósito 2 17/01/2008     L-11724 1037359 23/02/2023 23/02/2023 Libro impreso